| 000 | 00638nam a22002297a 4500 | ||
|---|---|---|---|
| 003 | BD-DhSAU | ||
| 005 | 20231116132328.0 | ||
| 008 | 150418b2018 ii a|||| |||| 001 0 eng d | ||
| 020 | _a9789351248163 | ||
| 040 | _aBD-DhSAU | ||
| 082 |
_222 _a636.0832 _bJ78 |
||
| 100 | _aJoshi, Namita | ||
| 245 |
_aQuestion Bank on Veterinary Public Health and Food Safety / _cNamita Joshi |
||
| 260 |
_aNew Delhi: _bDaya Publishing House _cc2018 |
||
| 300 |
_aviii, 132 p. : _bill ; _c22 cm. |
||
| 590 | _aKobir | ||
| 650 | _aVeterinary public health | ||
| 650 | _aFood | ||
| 650 | _aVeterinary hygiene | ||
| 942 |
_2ddc _cBOOK |
||
| 999 |
_c17313 _d17312 |
||